[Event "Poikovsky Karpov 19th"]
[Site "Poikovsky"]
[Date "2018.05.31"]
[Round "5"]
[White "Bologan, Viktor"]
[Black "Kovalev, Vladislav"]
[Result "0-1"]
[WhiteElo "2610"]
[BlackElo "2650"]
[Annotator "Szabo,Kr"]
[PlyCount "104"]
[EventDate "2018.05.27"]
[EventType "tourn"]
[EventRounds "9"]
[EventCountry "RUS"]
[EventCategory "18"]
[SourceTitle "CBM 185"]
[Source "ChessBase"]
[SourceDate "2018.07.13"]
[SourceVersion "1"]
[SourceVersionDate "2018.07.13"]
[SourceQuality "1"]

1. d4 Nf6 2. c4 g6 3. Nc3 Bg7 4. e4 d6 5. Nge2 O-O 6. Ng3 e5 7. d5 h5 {This is
a typical move in the King's Indian, when the white N is on g3.} (7... a5 {
is the most popular move.}) 8. Be2 (8. Bg5 {is a more common continuation.})
8... h4 9. Nf1 Nh7 {Black prepares for ...f5.} 10. h3 f5 $146 {A novelty by
Kovalev. This is the most straightforward continuation.} (10... Nd7 11. Nh2 f5
12. Be3 Ndf6 13. Bd3 fxe4 14. Nxe4 Nh5 {1/2 Narciso Dublan-Moreno Carnero,
Barcelona 2000; and draw.}) 11. Nh2 a5 {Black keeps the tension and plays the
natural ...a5, ...Na6 plans.} 12. O-O Na6 13. exf5 {White didn't have any
useful move, so he starts to do something.} gxf5 14. f4 e4 15. Be3 Bd7 16. Kh1
Kh8 {Black prepares for ...Rg8 and creates some pressure on the g-file.} 17.
Rg1 Rg8 18. Nf1 Qe7 19. Kh2 {The K is better on h2, because sometimes he can
play for g4 and the h3-P is protected.} c5 $5 {An interesting move to change
the structure a bit.} (19... Nc5 {is more natural for me.}) 20. dxc6 {Actually
this is a forcing move, otherwise White can't do anything on the queenside.}
bxc6 21. Qd2 Nc7 (21... Be6 $5 {was another interesting option.}) 22. Rd1 d5 (
22... Bf8 $6 {could have been met by} 23. g4 $1 hxg3+ 24. Nxg3 $16 {and
suddenly White is better on the kingside too.}) 23. g4 $1 {The most ambitious
reply.} ({In the event of} 23. cxd5 Nxd5 24. Nxd5 cxd5 25. Qxd5 Be6 $132 {
and Black has great counterplay for the P.}) 23... Rad8 (23... fxg4 24. Bxg4 $1
{is more promising for White.}) ({or} 23... hxg3+ $5 24. Nxg3 Qh4 25. Nh5 $1 {
The correct reply!} ({, but the greedy} 25. cxd5 $6 {could have been met by}
Ng5 $3 {What a strong tactical blow!} 26. fxg5 f4 27. Bf1 Be5 $1 {Again a
strong move!} (27... fxg3+ 28. Rxg3 Be5 29. Ne2 $14 {and White is safe.}) 28.
Bxf4 Bxf4 29. Qd4+ Rg7 30. Nce2 cxd5 $13 {with a double-edged fight.}) 25...
Nf6 26. Nxf6 Bxf6 27. cxd5 Rad8 28. d6 Be6 29. Rxg8+ Rxg8 30. Rg1 $14 {and
White's chances are slightly better.}) 24. cxd5 (24. Bb6 $1 $36 {was more
accurate and Black is in some unpleasant pins.}) 24... cxd5 (24... Nxd5 $1 25.
Nxd5 cxd5 26. Bd4 Qd6 $13) 25. Bd4 Qd6 26. Kh1 $6 {A logical move to avoid the
pin, but this is an inaccuracy now.} (26. gxf5 {was stronger,} Bxf5 27. Bxg7+
Rxg7 28. Rxg7 Kxg7 29. Qd4+ Nf6 30. Qf2 d4 31. Ne3 $1 $16 {and White looks
nicely placed.}) 26... Ne6 $6 {A dubious move in reply.} (26... fxg4 $1 {
was correct,} 27. Bxg7+ Rxg7 28. Bxg4 (28. hxg4 $2 {does not work, because of}
e3 $1 $17 {and White is in the ...d4 folk.}) 28... Nf6 (28... Bxg4 $6 {is
dubious now, as} 29. hxg4 e3 $2 30. Nxe3 d4 31. Nf5 $18 {This is the point,
and Black is in trouble.}) 29. Ne3 Qxf4 30. Rdf1 Qe5 $13 {with a complicated
position.}) 27. Bxg7+ Rxg7 28. Qxd5 $2 {This is already a mistake after which
the position is changing.} (28. Nxd5 {was important,} Bc6 29. gxf5 e3 30. Nfxe3
Qxf4 31. Rxg7 Nxg7 32. Bf1 $14 {followed by Bg2 and finally and White is safe.}
) 28... Qxf4 29. Nh2 (29. Qxa5 e3 $40 {and Black has strong pressure.}) 29...
e3 $2 {An error in reply!} (29... Nhg5 $1 30. Rgf1 (30. Rdf1 $6 Qc7 $19 {
followed by ...Bc6 and White has no hope.}) 30... Qg3 $17 {with a strong
attack on the kingside.}) 30. gxf5 Nf6 (30... Rxg1+ $1 {was more precise,} 31.
Rxg1 (31. Kxg1 $6 Nhg5 $40) 31... Nf6 32. Qf3 {and transposes to the text move,
but Black avoids the 32.Kxg1!.}) 31. Qf3 Rxg1+ 32. Rxg1 (32. Kxg1 $1 {Of
course the continuation of the game is more human.} Ng5 33. Qxf4 Nxh3+ 34. Kf1
Nxf4 35. Rd4 $14 {and White has a slightly better endgame.}) 32... Qxf3+ 33.
Nxf3 Nf4 34. Ne5 $6 ({Still} 34. Nxh4 {was OK for White,} Nxe2 35. Nxe2 Bc6+
36. Kh2 Rd2 37. Re1 Bb5 38. Ng6+ Kg7 39. Ngf4 {and White can hold his position.
}) 34... Kh7 35. Bg4 Bc8 $1 {A nice move to open the diagonal of the R, which
can penetrate on d2; moreover the B can give an unpleasant check on b7.} 36.
Re1 Nxg4 37. Nxg4 (37. hxg4 $2 {loses immediately, because of} Bb7+ 38. Kg1 Rd2
$19 {and Black is winning.}) 37... Bb7+ 38. Kg1 Nxh3+ 39. Kf1 Ba6+ $6 {
Inaccuary, because White gets some air.} (39... Rd4 $1 {was more precise,} 40.
Nxe3 Rf4+ 41. Ke2 Rf2+ 42. Kd3 Nf4+ $17 {and the h-P will be very dangerous.})
40. Kg2 Ng5 41. Rxe3 Rd2+ 42. Kg1 Rxb2 43. Nd5 $1 {The best move with White,
now all of his pieces are attacking against the black K.} Rb1+ 44. Kh2 Rb2+ 45.
Kg1 Bb7 46. Ngf6+ $2 {The last mistake.} (46. Re7+ $1 {could reach the draw,}
Kg8 47. Ngf6+ Kh8 (47... Kf8 $2 48. Nd7+ Kg8 49. N5f6+ Kh8 50. Ne5 $18) 48.
Re8+ Kg7 49. Rg8+ Kf7 50. Rxg5 {and White can't lose.}) 46... Kh6 $1 {The
black K escapes.} 47. Ng4+ Kg7 48. f6+ Kf8 49. Nf4 h3 50. Ng6+ (50. Nxh3 Nf3+
$19 {is also hopeless for White.}) 50... Kg8 51. N6e5 Rxa2 52. Rd3 Rg2+ 0-1